NBA Players as Kids - Statistics

General Stats
  • This quiz has been taken 769 times
  • The average score is 12 of 20
Answer Stats
Picture Answer % Correct
LeBron James
99%
Nikola Jokic
84%
Kevin Durant
82%
Stephen Curry
75%
Dwyane Wade
73%
Kobe Bryant
73%
Larry Bird
73%
Russell Westbrook
72%
Magic Johnson
70%
Michael Jordan
70%
Derrick Rose
66%
Shaquille O'Neal
65%
Giannis Antetokounmpo
58%
James Harden
54%
Kevin Garnett
50%
Kyrie Irving
44%
Carmelo Anthony
43%
Tim Duncan
39%
Kawhi Leonard
18%
Allen Iverson
9%
No matching quizzes found
Score Distribution
Percent of People with Each Score
Percentile by Number Answered
Your Score History
You have not taken this quiz